000 00254nam a22001217a 4500
008 180104b xxu||||| |||| 00| 0 eng d
041 _aeng
080 _a7
100 _a44
101 _aART
245 _aGERHARD MARCKS
_cCENTER.W.A
942 _2udc
_cBK
999 _c39673
_d39673